Scenic art for the theatre : (Record no. 82145)
[ view plain ]
| 000 -LEADER | |
|---|---|
| fixed length control field | 00955nam a2200301 a 4500 |
| 001 - CONTROL NUMBER | |
| control field | 82145 |
| 003 - CONTROL NUMBER IDENTIFIER | |
| rucl marc code | BD-RjUL |
| 005 - DATE AND TIME OF LATEST TRANSACTION | |
| control field | 20231017150656.0 |
| 008 - FIXED-LENGTH DATA ELEMENTS--GENERAL INFORMATION | |
| fixed length control field | 231017s2012 ne a 001 0 eng |
| 020 ## - INTERNATIONAL STANDARD BOOK NUMBER | |
| International Standard Book Number | 9780240812908 |
| 035 ## - SYSTEM CONTROL NUMBER | |
| System control number | (BD-RjUL)82145 |
| 040 ## - CATALOGING SOURCE | |
| Original cataloging agency | DLC |
| Transcribing agency | DLC |
| Modifying agency | DLC |
| -- | BD-RjUL |
| Language of cataloging | eng |
| 041 ## - LANGUAGE CODE | |
| Language code of text/sound track or separate title | eng |
| 082 00 - DEWEY DECIMAL CLASSIFICATION NUMBER | |
| Edition number | 23 |
| Classification number | 751.75 |
| Author mark and year | CRS 2012 |
| 100 1# - MAIN ENTRY--PERSONAL NAME | |
| Personal name | Crabtree, Susan, |
| Dates associated with a name | 1959- |
| 9 (RLIN) | 9626 |
| 245 10 - TITLE STATEMENT | |
| Title | Scenic art for the theatre : |
| Remainder of title | history, tools, and techniques / |
| Statement of responsibility, etc. | Susan Crabtree and Peter Beudert. |
| 250 ## - EDITION STATEMENT | |
| Edition statement | 3rd ed. |
| 260 ## - PUBLICATION, DISTRIBUTION, ETC. (IMPRINT) | |
| Place of publication, distribution, etc. | Amsterdam : |
| Name of publisher, distributor, etc. | Focal Press, an imprint of Elsevier, |
| Date of publication, distribution, etc. | 2012. |
| 300 ## - PHYSICAL DESCRIPTION | |
| Pagination | xxiii, 414 p. : |
| Illustrations | ill. (mostly col.) ; |
| Size | 28 cm. |
| 500 ## - GENERAL NOTE | |
| General note | Includes index. |
| 650 #0 - SUBJECT ADDED ENTRY--TOPICAL TERM | |
| Topical term or geographic name as entry element | Scene painting |
| General subdivision | Technique. |
| 9 (RLIN) | 9627 |
| Topical term or geographic name as entry element | Scene painting |
| General subdivision | History. |
| 9 (RLIN) | 9628 |
| Topical term or geographic name as entry element | Artists' tools. |
| 9 (RLIN) | 9629 |
| Topical term or geographic name as entry element | Artists' materials. |
| 9 (RLIN) | 9630 |
| 700 1# - ADDED ENTRY--PERSONAL NAME | |
| Personal name | Beudert, Peter. |
| 942 ## - ADDED ENTRY ELEMENTS (KOHA) | |
| Source of classification or shelving scheme | Dewey Decimal Classification |
| Koha item type | Books |
| Lost status | Source of classification or shelving scheme | Damaged status | Not for loan | Collection code | Permanent Location | Current Location | Shelving location | Date acquired | Source of acquisition | Cost, normal purchase price | Total Checkouts | Full call number | Date last seen | Copy number | Koha item type |
|---|---|---|---|---|---|---|---|---|---|---|---|---|---|---|---|
| Dewey Decimal Classification | Not For Loan | Non-fiction | Central Library, University of Rajshahi | Central Library, University of Rajshahi | Reading Room | 05/06/2023 | Dhaka : Page mark | 3324.54 | 751.75 CRS 2012 | 17/10/2023 | C-1 | Books | |||
| Dewey Decimal Classification | Non-fiction | Central Library, University of Rajshahi | Central Library, University of Rajshahi | General Stacks | 05/06/2023 | Dhaka : Page mark | 3324.54 | 751.75 CRS 2012 | 17/10/2023 | C-2 | Books |